Bandiera rossa quiz - Statistics

General Stats
  • This quiz has been taken 7 times
  • The average score is 29 of 35
Answer Stats
Answer % Correct
bandiera
100%
bandiera
100%
bandiera
100%
bandiera
100%
bandiera
100%
bandiera
100%
rossa
100%
rossa
100%
rossa
100%
rossa
100%
rossa
100%
rossa
100%
alla
83%
alla
83%
Avanti
83%
avanti
83%
o
83%
o
83%
popolo
83%
popolo
83%
riscossa
83%
riscossa
83%
comunismo
67%
e
67%
evviva
67%
il
67%
la
67%
la
67%
la
67%
la
67%
libertà
67%
trionferà
67%
trionferà
67%
trionferà
67%
trionferà
67%
No matching quizzes found
Score Distribution
Percent of People with Each Score
Percentile by Number Answered
Your Score History
You have not taken this quiz